[Event "Cattolica op"]
[Site "Cattolica"]
[Date "1992.??.??"]
[Round "3"]
[White "Shneider, Aleksandr"]
[Black "Maiwald, Jens Uwe"]
[Result "1/2-1/2"]
[WhiteElo "2515"]
[BlackElo "2340"]

1.d4 Nf6 2.c4 g6 3.Nc3 Bg7 4.e4 d6 5.Be2 O-O 6.Nf3 e5 7.O-O Nc6 8.d5 Ne7
9.Nd2 a5 10.b3 Nd7 11.Ba3 f5 12.b4 Bh6 13.bxa5 Rxa5 14.Bb4 Ra8 15.a4 Rf7
16.Bf3 Kh8 17.a5 Ng8 18.Nb3 Bf8 19.Qc2 f4 20.Bg4 g5 21.f3 Rg7 22.Nb5 h5 23.Be6 Ndf6
24.c5 g4 25.cxd6 cxd6 26.Nd2 gxf3 27.Rxf3 Bxe6 28.dxe6 Qe8 29.Nxd6 Bxd6 30.Bxd6 Qxe6
31.Bb4 Rc8 32.Qb3 Qa6 33.Qd3 Qa7+ 34.Kh1 Ng4 35.Raf1 Ne3 36.Rg1 Nf6 37.Nf1 Neg4
38.Qe2 Qd4 39.Be1 Nxe4 40.h3 Ngf6 41.Bh4 Rcg8 42.Rd3 Qc5 43.Nd2 Ng5 44.Bxg5 Rxg5
45.Ne4  1/2-1/2

[Event "Cebu"]
[Site "Cebu"]
[Date "1992.??.??"]
[Round "7"]
[White "Nadera, Barlo A"]
[Black "Barcenilla, Rogelio"]
[Result "1/2-1/2"]
[WhiteElo "2390"]
[BlackElo "2465"]

1.d4 Nf6 2.c4 g6 3.Nc3 Bg7 4.e4 d6 5.Nf3 O-O 6.Be2 e5 7.O-O Nc6 8.d5 Ne7
9.Nd2 Nd7 10.b4 a5 11.bxa5 Rxa5 12.Nb3 Ra8 13.a4 f5 14.a5 Kh8 15.f3 f4 16.Ba3 g5
17.c5 Nf6  1/2-1/2

[Event "JUG-chT"]
[Site "Cetinje"]
[Date "1992.??.??"]
[Round "?"]
[White "Kostic, V Vladimir"]
[Black "Bokan, Danko"]
[Result "1/2-1/2"]
[WhiteElo "2325"]
[BlackElo "2220"]

1.d4 Nf6 2.c4 g6 3.Nc3 Bg7 4.e4 d6 5.Nf3 O-O 6.Be2 e5 7.O-O Nc6 8.Be3 Ng4
9.Bg5 f6 10.Bc1 exd4 11.Nxd4 Nxd4 12.Qxd4 f5 13.Qd5+ Kh8 14.Bxg4 fxg4 15.Be3 Qf6
16.Rad1 Be6 17.Qd3 a6 18.Rd2 Qh4 19.Bd4 Bxd4 20.Qxd4+ Qf6 21.Qxf6+ Rxf6 22.b3 Kg7
23.Re1 Rb8 24.e5 dxe5 25.Rxe5 Bf5 26.Nd5 Rf7 27.Ne3 Kf6 28.Red5 Re8 29.R5d4 c6
30.c5 Rfe7 31.b4 h5 32.g3 Be4 33.Rd6+ Re6 34.Rd7 R8e7 35.Rd8 Re8 36.R8d7 R8e7
37.Rd8 Re8 38.R8d7  1/2-1/2

[Event "JUG-chT"]
[Site "Cetinje"]
[Date "1992.??.??"]
[Round "?"]
[White "Barlov, Dragan"]
[Black "Kupreichik, Viktor D"]
[Result "0-1"]
[WhiteElo "2475"]
[BlackElo "2555"]

1.d4 Nf6 2.c4 g6 3.Nc3 Bg7 4.e4 d6 5.Nf3 O-O 6.Be2 e5 7.O-O Nc6 8.d5 Ne7
9.Ne1 Ne8 10.Nd3 f5 11.Bd2 fxe4 12.Nxe4 Nf5 13.Bc3 c6 14.Re1 Kh8 15.Bf1 a5
16.a4 cxd5 17.cxd5 Qb6 18.b4 axb4 19.Bxb4 Nf6 20.a5 Qd8 21.Nb2 b6 22.Nc4 Nxe4
23.Rxe4 bxa5 24.Bxa5 Qf6 25.Nb6 Rb8 26.Qf3 Nd4 27.Qxf6 Bxf6 28.Nxc8 Rfxc8
29.Be1 Rc5 30.Ra5 Rc1 31.f3 Nb3 32.Ra2 Nc5 33.Ree2 Rbb1 34.Ra8+ Kg7 35.Ra7+ Kg8
36.Ra8+ Kf7 37.Ra7+ Be7  0-1

[Event "JUG-chT"]
[Site "Cetinje"]
[Date "1992.??.??"]
[Round "?"]
[White "Ivanovic, Miroslav"]
[Black "Paunovic, Dragan"]
[Result "0-1"]
[WhiteElo "2240"]
[BlackElo "2440"]

1.d4 Nf6 2.c4 g6 3.Nc3 Bg7 4.e4 d6 5.Nf3 O-O 6.Be2 e5 7.O-O Nc6 8.d5 Ne7
9.Ne1 Nd7 10.Be3 f5 11.f3 f4 12.Bf2 g5 13.a4 Rf7 14.a5 Bf8 15.c5 Nxc5 16.Bxc5 dxc5
17.Bc4 Kg7 18.a6 b6 19.d6 cxd6 20.Bxf7 Kxf7 21.Nb5 d5 22.Nd3 Bg7 23.Re1 d4
24.Qa4 Be6 25.b3 Qd7 26.Nb2 Nc6 27.Nc4 Nb4 28.Red1 Kf6 29.Nbd6 Qxa4 30.Rxa4 Bf8
31.Nb5 Bd7 32.Rxb4 cxb4 33.Nc7 Rc8 34.Nd5+ Ke6 35.Ncxb6 axb6 36.a7 Bc6 37.Nxb6 Rd8
38.Ra1 d3 39.a8=Q Bxa8 40.Nxa8 Bc5+ 41.Kf1 Rc8  0-1

[Event "JUG-chT"]
[Site "Cetinje"]
[Date "1992.??.??"]
[Round "?"]
[White "Mozetic, Dejan"]
[Black "Vuruna, Miodrag"]
[Result "1-0"]
[WhiteElo "2475"]
[BlackElo "2295"]

1.Nf3 Nf6 2.c4 g6 3.Nc3 Bg7 4.d4 O-O 5.e4 d6 6.Be2 e5 7.O-O Nc6 8.d5 Ne7
9.Ne1 Nd7 10.Be3 f5 11.f3 f4 12.Bf2 g5 13.a4 a5 14.Nd3 b6 15.Be1 Kh8 16.b4 axb4
17.Nb5 Nc5 18.Bxb4 c6 19.dxc6 Nxc6 20.Bc3 Nb7 21.Nb4 Nca5 22.Nd5 Rf7 23.Rb1 Ra6
24.Qd2 h6 25.c5 bxc5 26.Ndc7 Rxc7 27.Nxc7 Ra7 28.Nb5 Ra6 29.Rfd1 c4 30.Bxa5 Nxa5
31.Nxd6 Kh7 32.Nxc4 Qd4+ 33.Qxd4 exd4 34.Nxa5 Rxa5 35.Bb5 Ra7 36.Kf1 Be6
37.Rdc1 Bf8 38.Rc2 Kg7 39.Ke2 Kf6 40.Kd3 Ke5 41.Bc4 Bd7 42.Bb5 Be6 43.Bc6 Ra6
44.Rb5+ Kd6 45.e5+ Ke7 46.Rb7+ Kd8 47.Kxd4 Bf5 48.Rc3 Bc8 49.Rb8 Ra7 50.Bb7  1-0

[Event "JUG-chT"]
[Site "Cetinje"]
[Date "1992.??.??"]
[Round "?"]
[White "Milicevic, Miodrag"]
[Black "Bokan, Danko"]
[Result "1-0"]
[WhiteElo "2275"]
[BlackElo "2220"]

1.d4 Nf6 2.c4 g6 3.Nc3 Bg7 4.e4 d6 5.Nf3 O-O 6.Be2 e5 7.O-O Nc6 8.d5 Ne7
9.Ne1 Nd7 10.Nd3 f5 11.Bd2 Kh8 12.Rc1 Ng8 13.f3 f4 14.b4 h5 15.c5 Ndf6 16.cxd6 cxd6
17.Nb5 Ne8 18.Qc2 Bd7 19.Nf2 g5 20.a4 Nh6 21.h3 Bf6 22.a5 Rg8 23.Qb3 g4 24.fxg4 hxg4
25.hxg4 Bh4 26.Qh3 Rg6 27.Rc3 a6 28.Na3 Kg8 29.Nc4 Bb5 30.Rfc1 Bxf2+ 31.Kxf2 Nf6
32.Bf3 Nhxg4+ 33.Bxg4 Nxg4+ 34.Kg1 Qg5 35.Nxd6 Rxd6 36.Rc8+ Rxc8 37.Rxc8+ Kf7
38.Qh7+ Qg7 39.Qf5+ Ke7 40.Be1 f3 41.Bh4+ Nf6 42.Rc7+ Bd7 43.Qxe5+ Kd8 44.Rc2 Qe7
45.Qf4 Ke8 46.gxf3 Qf8 47.Bg3 Ba4 48.Rc8+ Rd8 49.Rxd8+ Kxd8 50.Qb8+ Ke7 51.Bd6+  1-0

[Event "JUG-chT"]
[Site "Cetinje"]
[Date "1992.??.??"]
[Round "?"]
[White "Milicevic, Miodrag"]
[Black "Paunovic, Dragan"]
[Result "0-1"]
[WhiteElo "2275"]
[BlackElo "2440"]

1.d4 Nf6 2.Nf3 g6 3.c4 Bg7 4.Nc3 O-O 5.e4 d6 6.Be2 e5 7.O-O Nc6 8.d5 Ne7
9.Ne1 Nd7 10.Nd3 f5 11.Bd2 f4 12.Bg4 h5 13.Be6+ Kh8 14.f3 g5 15.b4 Nf6 16.Bxc8 Rxc8
17.Nf2 Rg8 18.c5 Bf8 19.h3 Ng6 20.cxd6 cxd6 21.Qe2 Rc7 22.Be1 Rcg7 23.Rc1 a6
24.Rc2 Qb6 25.Na4 Qa7 26.b5 axb5 27.Qxb5 g4 28.fxg4 hxg4 29.Nb6 gxh3 30.Nxh3 Nxe4
31.Rc8 Qxa2 32.Qc4 Qxc4 33.Rxc4 Nc5 34.Bc3 Be7 35.Rf2 Bd8 36.Na4 Nxa4 37.Rxa4 Bb6  0-1

[Event "JUG-chT"]
[Site "Cetinje"]
[Date "1992.??.??"]
[Round "?"]
[White "Rajkovic, Dusan"]
[Black "Popovic, Petar"]
[Result "1/2-1/2"]
[WhiteElo "2450"]
[BlackElo "2535"]

1.d4 Nf6 2.c4 g6 3.Nc3 Bg7 4.e4 d6 5.Nf3 O-O 6.Be2 e5 7.O-O Nc6 8.d5 Ne7
9.Bg5 Nh5 10.g3 f6 11.Bd2 f5 12.exf5 Nxf5 13.Ne4 Nf6 14.Bd3 Qe7  1/2-1/2

[Event "JUG-chT"]
[Site "Cetinje"]
[Date "1992.??.??"]
[Round "?"]
[White "Rajkovic, Dusan"]
[Black "Vukic, Milan"]
[Result "1/2-1/2"]
[WhiteElo "2450"]
[BlackElo "2515"]

1.d4 Nf6 2.c4 g6 3.Nc3 Bg7 4.e4 d6 5.Nf3 O-O 6.Be2 e5 7.O-O Nc6 8.d5 Ne7
9.Bg5 Nh5 10.g3 f6 11.Bd2 f5 12.exf5 Nxf5 13.Ne4 Nf6 14.Bd3 Bh6 15.Rc1 Bxd2  1/2-1/2

[Event "JUG-chT"]
[Site "Cetinje"]
[Date "1992.??.??"]
[Round "?"]
[White "Tosic, Miroslav"]
[Black "Kostic, V Vladimir"]
[Result "1-0"]
[WhiteElo "2435"]
[BlackElo "2325"]

1.d4 Nf6 2.c4 g6 3.Nc3 Bg7 4.e4 d6 5.Nf3 O-O 6.Be2 e5 7.O-O Nc6 8.d5 Ne7
9.a4 Ne8 10.b4 f5 11.Nd2 Kh8 12.f3 Ng8 13.c5 Bh6 14.Nc4 Bxc1 15.Rxc1 Ngf6
16.f4 exf4 17.Rxf4 Ng7 18.cxd6 cxd6 19.Qd4 fxe4 20.Nxe4 Nxe4 21.Rxe4 Bh3
22.Rc3 Bf5 23.Rf4 Re8 24.Bf1 h5 25.h3 Kg8 26.g4 hxg4 27.hxg4 Qg5 28.Nxd6 Re7
29.Bg2 Re1+ 30.Kh2 Rd1 31.Qe5 Rd2 32.Ne4 Rxg2+ 33.Kxg2 Bxe4+ 34.Rxe4 Qd2+
35.Re2 Qh6 36.Rc7 Rf8 37.Re7  1-0

[Event "Chicago Masters"]
[Site "Chicago"]
[Date "1992.??.??"]
[Round "?"]
[White "Gurevich, Dmitry"]
[Black "Colias, Billy"]
[Result "1-0"]
[WhiteElo "2515"]
[BlackElo "2265"]

1.d4 Nf6 2.c4 g6 3.Nc3 Bg7 4.e4 d6 5.Nf3 O-O 6.Be2 e5 7.O-O Nc6 8.d5 Ne7
9.Ne1 Nd7 10.Be3 f5 11.f3 f4 12.Bf2 g5 13.Nb5 b6 14.b4 a6 15.Nc3 Nf6 16.c5 Ne8
17.cxb6 cxb6 18.Na4 Rb8 19.b5 a5 20.Qd2 Bd7 21.Nxb6 Rxb6 22.Qxa5 Rb8 23.Qxd8 Rxd8
24.Nc2 Nc7 25.a4 g4 26.fxg4 Ncxd5 27.exd5 Nxd5 28.Bc4 Be6 29.Nb4 Nxb4 30.Bxe6+ Kh8
31.a5  1-0

[Event "Chicago opI"]
[Site "Chicago"]
[Date "1992.??.??"]
[Round "1"]
[White "Bonin, Jay R"]
[Black "Sherzer, Alex"]
[Result "0-1"]
[WhiteElo "2400"]
[BlackElo "2460"]

1.d4 Nf6 2.c4 g6 3.Nc3 Bg7 4.Nf3 O-O 5.e4 d6 6.Be2 e5 7.O-O Nc6 8.d5 Ne7
9.Bg5 Nh5 10.Ne1 Nf4 11.Nd3 Nxe2+ 12.Qxe2 h6 13.Be3 f5 14.f3 f4 15.Bf2 g5
16.c5 Ng6 17.Rac1 g4 18.Kh1 Rf7 19.Nb5 Bd7 20.c6 bxc6 21.dxc6 Be6 22.Nb4 g3
23.Bg1 Nh4 24.Rc2 a6 25.Nc3 Bh3 26.Qc4 Qg5 27.Nbd5 Nxg2 28.Rxg2 Bxg2+ 29.Kxg2 gxh2+
30.Kxh2 Kh8 31.Qe2 Qh5+ 32.Kg2 Rg8 33.Bh2 Bf6+ 34.Kh1 Bh4 35.Nb1 Rfg7 36.Nd2 Bd8
37.Nc4 Qh3 38.Nce3 fxe3 39.Nxe3 h5 40.b4 Bh4 41.a4 Bg3 42.b5 axb5 43.axb5 Bf4  0-1

[Event "CSR-chT"]
[Site "CSR"]
[Date "1992.??.??"]
[Round "?"]
[White "Vokac, Marek"]
[Black "Nemec, Pavel"]
[Result "1-0"]
[WhiteElo "2450"]
[BlackElo "2240"]

1.d4 Nf6 2.c4 g6 3.Nc3 Bg7 4.e4 d6 5.Nf3 O-O 6.Be2 e5 7.O-O Nc6 8.d5 Ne7
9.Ne1 Nd7 10.Nd3 f5 11.exf5 gxf5 12.f4 Ng6 13.Kh1 Nf6 14.Be3 Kh8 15.Qc2 e4
16.Nf2 h5 17.Nh3 Ng4 18.Bxg4 hxg4 19.Ng5 Qe7 20.Ne2 Bf6 21.Bd4 Bxd4 22.Nxd4 Nxf4
23.Rxf4 Qxg5 24.Raf1 Bd7 25.Qc3 Kg8 26.Qe3 Rae8 27.h3 Qh5 28.Ne2 Qh8 29.Nd4 Qh5
30.Kg1 gxh3 31.Qg3+ Kf7 32.Nxf5  1-0

[Event "Czestochowa op"]
[Site "Czestochowa"]
[Date "1992.??.??"]
[Round "4"]
[White "Neverov, Valeriy"]
[Black "Obodchuk, Andrei"]
[Result "1-0"]
[WhiteElo "2490"]
[BlackElo "2395"]

1.d4 Nf6 2.c4 g6 3.Nc3 Bg7 4.e4 d6 5.Nf3 O-O 6.Be2 e5 7.O-O Nc6 8.d5 Ne7
9.Ne1 Nd7 10.Nd3 f5 11.Bd2 Nf6 12.f3 c6 13.Be3 h5 14.dxc6 Nxc6 15.Qd2 Nd4
16.exf5 Bxf5 17.Nf2 Ne8 18.Bxd4 exd4 19.Nb5 Bd7 20.Nxd4 Be5 21.g3 h4 22.f4 Bg7
23.Bf3 Qb6 24.Bd5+ Kh8 25.Nf3 Bf6 26.Kg2 Nc7 27.Nxh4 Nxd5 28.cxd5 Bxh4 29.gxh4 Bf5
30.h3 Rf7 31.Ng4 Kh7 32.Kg3 Rc8 33.Rac1 Rfc7 34.Rxc7+ Qxc7 35.Rf2 Qg7 36.Qe3 b6
37.Re2 Rc7 38.Qe8 Rd7 39.h5 g5 40.h6 gxf4+ 41.Kxf4 Qf7 42.Kg5  1-0

[Event "EU-chT (Women)"]
[Site "Debrecen"]
[Date "1992.??.??"]
[Round "1"]
[White "Paasikangas, Johanna"]
[Black "Brustman, Agnieszka"]
[Result "0-1"]
[WhiteElo "2170"]
[BlackElo "2290"]

1.d4 Nf6 2.c4 g6 3.Nc3 Bg7 4.e4 d6 5.Nf3 O-O 6.Be2 e5 7.O-O Nc6 8.d5 Ne7
9.Ne1 Nd7 10.Be3 f5 11.f3 f4 12.Bf2 g5 13.b4 Nf6 14.g4 fxg3 15.hxg3 Bh3 16.Ng2 Ng6
17.Qd2 h6 18.Kh2 Qd7 19.Be3 Nh5 20.Bxg5 hxg5 21.Qxg5 Bxg2 22.Kxg2 Nhf4+ 23.gxf4 Nxf4+
24.Kg3 Rf6  0-1

[Event "EU-chT (Men)"]
[Site "Debrecen"]
[Date "1992.??.??"]
[Round "3"]
[White "Barle, Janez"]
[Black "Hracek, Zbynek"]
[Result "0-1"]
[WhiteElo "2430"]
[BlackElo "2460"]

1.Nf3 Nf6 2.c4 g6 3.Nc3 Bg7 4.e4 d6 5.d4 O-O 6.Be2 e5 7.O-O Nc6 8.Be3 Ng4
9.Bg5 f6 10.Bc1 Nh6 11.d5 Ne7 12.Bd2 g5 13.Ne1 Ng6 14.g3 f5 15.exf5 Bxf5
16.Ng2 Qe7 17.Qc1 Nf7 18.Ne3 Bh3 19.Re1 e4 20.Bg4 Bxg4 21.Nxg4 Qd7 22.Rxe4 h5
23.Re6 hxg4 24.Rxg6 Ne5 25.Rxg5 Qf7 26.Rxg7+ Qxg7 27.Bh6 Nf3+ 28.Kg2 Qh7
29.h4 gxh3+ 30.Kxh3 Rae8 31.Kg2 Re1 32.Bxf8 Qh1+  0-1

[Event "EU-chT (Men)"]
[Site "Debrecen"]
[Date "1992.??.??"]
[Round "4"]
[White "Herndl, Harald"]
[Black "Moutousis, Konstantinos"]
[Result "0-1"]
[WhiteElo "2275"]
[BlackElo "2405"]

1.d4 Nf6 2.c4 g6 3.Nc3 Bg7 4.e4 d6 5.Nf3 O-O 6.Be2 e5 7.O-O Nc6 8.d5 Ne7
9.b4 Nd7 10.Ba3 a5 11.bxa5 Rxa5 12.Bb4 Ra8 13.a4 Bh6 14.Ne1 f5 15.Nd3 Nf6
16.Bf3 b6 17.a5 bxa5 18.Bxa5 Ba6 19.c5 Qd7 20.Re1 fxe4 21.Bxe4 Nf5 22.c6 Qc8
23.Nb4 Bc4 24.Bd3 Bxd3 25.Qxd3 Nd4 26.Ne4 Nh5 27.Qd1 Nf4 28.Ra3 Qb8 29.Nc2 Qb2
30.Nxd4 Qxa3 31.Bxc7 exd4 32.Bxd6 Qa6 33.Bxf8 Rxf8 34.Qb3 Kh8 35.Rd1 Qe2
36.Nd6 Nh3+  0-1

[Event "EU-chT (Men)"]
[Site "Debrecen"]
[Date "1992.??.??"]
[Round "4"]
[White "Lobron, Eric"]
[Black "Kovalev, Andrei"]
[Result "1-0"]
[WhiteElo "2575"]
[BlackElo "2570"]

1.d4 Nf6 2.c4 g6 3.Nc3 Bg7 4.e4 O-O 5.Nf3 d6 6.Be2 e5 7.O-O Nc6 8.d5 Ne7
9.Nd2 c5 10.Rb1 Ne8 11.b4 b6 12.bxc5 bxc5 13.Nb3 f5 14.Bg5 Bf6 15.Bd2 Kh8
16.Kh1 Ng8 17.Nc1 Bg7 18.exf5 gxf5 19.f4 e4 20.Qe1 Nef6 21.Nd1 Ne7 22.Ne3 Ng6
23.Bc3 h5 24.Nb3 Kh7 25.Na5 Bh6 26.Nc6 Qc7 27.g3 h4 28.Rf2 Bd7 29.Bf1 Rae8
30.Rfb2 Bc8 31.Rb8 Ne7 32.Ra8 Nxc6 33.dxc6 Qxc6 34.Rxa7+ Kg6 35.Be2 h3 36.Bxf6 Rxf6
37.Qd1 Bf8 38.Bh5+ Kh6 39.Bxe8 Qxe8 40.Rb8 d5 41.Nxd5 Rd6 42.Qa1  1-0

[Event "EU-chT (Men)"]
[Site "Debrecen"]
[Date "1992.??.??"]
[Round "5"]
[White "Petran, Pal"]
[Black "Istratescu, Andrei"]
[Result "0-1"]
[WhiteElo "2470"]
[BlackElo "2430"]

1.d4 Nf6 2.c4 g6 3.Nc3 Bg7 4.e4 d6 5.Nf3 O-O 6.Be2 e5 7.O-O Nc6 8.d5 Ne7
9.Nd2 a5 10.a3 Nd7 11.Rb1 f5 12.b4 Kh8 13.Qc2 Ng8 14.Bb2 Ndf6 15.Rbd1 Nh5
16.Bxh5 gxh5 17.f4 axb4 18.axb4 Nh6 19.h3 Bd7 20.fxe5 dxe5 21.c5 Ra6 22.d6 cxd6
23.Nc4 dxc5 24.Nd5 Ba4 25.Qd2 Bxd1 26.Bxe5 Ba4 27.bxc5 fxe4 28.Bxg7+ Kxg7
29.Rb1 Ng8 30.Rxb7+ Kh8 31.Qc3+ Nf6 32.Nc7 Bc6 33.Nxa6 Bxb7 34.Nb4 Qe7 35.Nd6 e3
36.Nf5 Qe6 37.Nxe3 Re8 38.Nbc2 Qe5 39.Qb4 Nd5  0-1

[Event "EU-chT (Men)"]
[Site "Debrecen"]
[Date "1992.??.??"]
[Round "5"]
[White "Psakhis, Lev"]
[Black "Spasov, Vasil"]
[Result "1-0"]
[WhiteElo "2605"]
[BlackElo "2550"]

1.d4 Nf6 2.c4 g6 3.Nc3 Bg7 4.e4 d6 5.Nf3 O-O 6.Be2 e5 7.O-O Nc6 8.d5 Ne7
9.Nd2 a5 10.a3 Bd7 11.b3 Nc8 12.Rb1 Nb6 13.Qc2 Bh6 14.Nb5 Qe7 15.b4 axb4
16.axb4 Rfc8 17.c5 Na4 18.Ra1 Qe8 19.Na3 Bf8 20.Nb3 c6 21.Bg5 Be7 22.dxc6 Bxc6
23.Bxf6 Bxf6 24.Nc4 dxc5 25.Nd6 Qf8 26.Nxc8 cxb4 27.Rxa4 Rxa4 28.Nb6 Ra3
29.Rd1 Kg7 30.Bc4 Qb8 31.Qd3 Qa7 32.Nc8 Qb8 33.Nd6 Ba4 34.Nb5 Ra2 35.Qd7 Qf8
36.Qxb7 Rc2 37.Qd5 Qe7 38.Ra1 Bh4 39.Rxa4 Qf6 40.Qxf7+ Qxf7 41.Bxf7 Bxf2+
42.Kf1 Kxf7 43.Rxb4 Be3 44.Nd6+ Kf6 45.Nc4 Rf2+ 46.Ke1 Ba7 47.Rb7 Rxg2 48.Rxa7 Rxh2
49.Nbd2  1-0

[Event "EU-chT (Men)"]
[Site "Debrecen"]
[Date "1992.??.??"]
[Round "5"]
[White "Cebalo, Miso"]
[Black "Prie, Eric"]
[Result "1-0"]
[WhiteElo "2515"]
[BlackElo "2440"]

1.d4 Nf6 2.Nf3 d6 3.c4 g6 4.Nc3 Bg7 5.e4 O-O 6.Be2 e5 7.O-O Nc6 8.Be3 Ng4
9.Bg5 f6 10.Bc1 f5 11.Bg5 Qe8 12.d5 Nd4 13.Nxd4 exd4 14.Nb5 Qe5 15.Bxg4 fxg4
16.Bh4 Bd7 17.Bg3 Qe7 18.Nxc7 Rac8 19.c5 dxc5 20.Qb3 b6 21.d6+ Qf7 22.e5 c4
23.Qb4 Be6 24.b3 Rxc7 25.dxc7 c3 26.Qxd4 Qxc7 27.Rac1 c2 28.Qd2 Bf5 29.Rfe1 Rd8
30.Qe3 Be6 31.h3 gxh3 32.gxh3 Bf8 33.Bh4 Rd5 34.Qe4 Rc5 35.Bg5 Rc6 36.Re2 Bf5
37.Qd5+ Be6 38.Qd2 Bf5 39.e6 Be7 40.Bf4 Qc8 41.Qd7 Qxd7 42.exd7 Kf7 43.Rd2 Bd8
44.h4  1-0

[Event "EU-chT (Men)"]
[Site "Debrecen"]
[Date "1992.??.??"]
[Round "7"]
[White "Hausner, Ivan"]
[Black "Grivas, Efstratios"]
[Result "1-0"]
[WhiteElo "2410"]
[BlackElo "2465"]

1.d4 Nf6 2.c4 g6 3.Nc3 Bg7 4.e4 d6 5.Nf3 O-O 6.Be2 e5 7.O-O Nc6 8.d5 Ne7
9.Ne1 Nd7 10.Be3 f5 11.f3 f4 12.Bf2 g5 13.a4 Ng6 14.a5 h5 15.b4 Nf6 16.h3 Rf7
17.c5 Bf8 18.c6 bxc6 19.dxc6 Be6 20.Nd5 Bxd5 21.exd5 e4 22.fxe4 Nxe4 23.Qd3 Re7
24.Bxh5 Bg7 25.Rc1 Qe8 26.Nf3 Ne5 27.Nxe5 Qxh5 28.Ng4 Nxf2 29.Rxf2 Rae8 30.b5 Qh4
31.b6 axb6 32.axb6 cxb6 33.c7 Rc8 34.Qg6 Kh8 35.Qxd6 Rcxc7 36.Qxc7 Rxc7 37.Rxc7 Bf8
38.Re2  1-0

[Event "EU-chT (Men)"]
[Site "Debrecen"]
[Date "1992.??.??"]
[Round "8"]
[White "Ruzele, Darius"]
[Black "Moutousis, Konstantinos"]
[Result "0-1"]
[WhiteElo "2340"]
[BlackElo "2405"]

1.d4 Nf6 2.c4 g6 3.Nc3 Bg7 4.e4 d6 5.Be2 O-O 6.Nf3 e5 7.O-O Nc6 8.d5 Ne7
9.b4 a5 10.bxa5 Rxa5 11.Nd2 c5 12.Rb1 Nd7 13.Nb5 Ra6 14.Rb3 f5 15.Ra3 Rxa3
16.Bxa3 Nf6 17.Nc3 Bh6 18.Bf3 Kh8 19.Bc1 Rg8 20.Re1 Bxd2 21.Bxd2 f4 22.Nb5 g5
23.Qb3 g4 24.Bd1 b6 25.a4 Ng6 26.a5 bxa5 27.Qa3 Qe7 28.Qxa5 Bd7 29.Qa6 Bxb5
30.cxb5 Nh4 31.g3 Nf3+ 32.Bxf3 gxf3 33.Qa3 Qb7 34.Qxf3 Qxb5 35.Kh1 Ng4 36.Re2 Qb1+
37.Be1 Qd1 38.Kg2 h5 39.Kh3 Rb8 40.Re3 Nxe3  0-1

[Event "EU-chT (Women)"]
[Site "Debrecen"]
[Date "1992.??.??"]
[Round "8"]
[White "Koen, Maja"]
[Black "Botsari Miladinovic, Anna Maria"]
[Result "0-1"]
[WhiteElo "2255"]
[BlackElo "2315"]

1.d4 Nf6 2.c4 g6 3.Nc3 Bg7 4.e4 d6 5.Be2 O-O 6.Nf3 e5 7.O-O Nc6 8.d5 Ne7
9.Nd2 Ne8 10.a3 f5 11.b4 Nf6 12.f3 f4 13.c5 g5 14.Nc4 Ng6 15.a4 h5 16.Ba3 Rf7
17.b5 Bf8 18.b6 dxc5 19.bxc7 Rxc7 20.Nb5 Rg7 21.Bb2 a6 22.Nba3 Nd7 23.d6 Qf6
24.Qd5+ Kh7 25.a5 Rb8 26.Rad1 b5 27.axb6 Nxb6 28.Qxc5 Na4 29.Bxe5 Nxe5 30.Qxe5 Qxe5
31.Nxe5 Nc3 32.Bc4 Nxd1 33.Rxd1 Bd7 34.Nxd7 Rxd7 35.e5 Re8 36.Bd3+ Kh6 37.Bf5 Rf7
38.Be4 Ra7 39.Nc4 a5 40.Kf2 a4 41.e6 a3 42.e7 Bxe7 43.dxe7 Rexe7 44.Ra1 a2
45.Ke2 Red7 46.Nb6 Rd4 47.Nd5 Ra3 48.Ne7 Rb4 49.Nf5+ Kg6 50.Nd4+ Kf6 51.Nc2 Rb1
52.Kd2 g4 53.fxg4 hxg4 54.h3 Rxa1 55.Nxa1 gxh3 56.gxh3 Rxh3 57.Kc2 Ke5 58.Bf3 Kd4
59.Kb2 Rh2+ 60.Ka3 Kc3 61.Be4 Re2 62.Bf3 Re3 63.Bg2 Re7  0-1

[Event "DEN-ch"]
[Site "?"]
[Date "1992.??.??"]
[Round "2"]
[White "Hansen, Sune Berg"]
[Black "Mortensen, Erling"]
[Result "1/2-1/2"]
[WhiteElo "2370"]
[BlackElo "2420"]

1.d4 Nf6 2.Nf3 g6 3.c4 Bg7 4.Nc3 O-O 5.e4 d6 6.Be2 e5 7.O-O Nc6 8.d5 Ne7
9.Ne1 Nd7 10.Nd3 f5 11.Bd2 Kh8 12.Rc1 c5 13.Rb1 Nf6 14.f3 h5 15.exf5 gxf5
16.f4 e4 17.Nf2 Ng4 18.Nxg4 hxg4 19.Be3 Ng8 20.Qd2 Rf6 21.g3 Rh6 22.b4 b6
23.Kg2 Nf6 24.Rb3 Bd7 25.bxc5 bxc5 26.Rfb1 Kh7 27.Kg1 Kg6 28.Bf1 Qh8 29.Rb7 Bc8
30.R7b3 Bd7 31.Rb7 Bc8 32.R7b3  1/2-1/2

[Event "DEN-ch"]
[Site "?"]
[Date "1992.??.??"]
[Round "4"]
[White "Kristiansen, Jens"]
[Black "Hoi, Carsten"]
[Result "0-1"]
[WhiteElo "2415"]
[BlackElo "2445"]

1.c4 g6 2.d4 Bg7 3.Nc3 d6 4.e4 Nf6 5.Nf3 O-O 6.Be2 e5 7.O-O Nc6 8.d5 Ne7
9.Nd2 a5 10.b3 Nd7 11.Ba3 Nc5 12.b4 axb4 13.Bxb4 Bd7 14.a4 Nc8 15.a5 f5 16.Qc2 Bh6
17.Rfb1 Rb8 18.Bxc5 dxc5 19.a6 b6 20.Nf3 Bg7 21.Bd3 Nd6 22.Qe2 Qe7 23.Nd2 Bh6
24.Nf1 Ra8 25.f3 Kh8 26.Ra2 Rg8 27.exf5 gxf5 28.Re1 Bg7 29.Nb5 Bxb5 30.cxb5 Qf7
31.Bc4 e4 32.fxe4 fxe4 33.Ne3 Bd4 34.Kh1 Qf4 35.Bb3 Rgf8 36.g3 Qf3+ 37.Qxf3 Rxf3
38.Rae2 Nxb5 39.Bc4 Nd6 40.Bb3 Rxa6  0-1

[Event "DEN-chB"]
[Site "?"]
[Date "1992.??.??"]
[Round "1"]
[White "Lauridsen, Jesper Morck"]
[Black "Sorensen, Torben"]
[Result "1-0"]
[WhiteElo "2210"]
[BlackElo "2305"]

1.d4 Nf6 2.c4 g6 3.Nc3 Bg7 4.e4 d6 5.Be2 O-O 6.Nf3 e5 7.O-O Nc6 8.d5 Ne7
9.b4 Nh5 10.c5 Nf4 11.Bxf4 exf4 12.Rc1 h6 13.Nd4 g5 14.Bh5 Kh8 15.h3 Ng8
16.Bg4 Bxg4 17.hxg4 Be5 18.Nf5 Kh7 19.Qd3 Nf6 20.Rfe1 Kg6 21.f3 h5 22.gxh5+ Nxh5
23.Ne2 Rh8 24.Kf2 g4 25.fxg4 Nf6 26.Qf3 Kg5 27.Ng1 Nxg4+ 28.Ke2 Nh2 29.Qf2 Kf6
30.Kd1 Qe8 31.c6 b5 32.Ne2 Qg8 33.Nxf4 Bxf4 34.Qxf4 Qg4+ 35.Qxg4 Nxg4 36.Nd4 Rhd8
37.Rc3 a5 38.Rf3+ Kg6 39.Rg3 Kg5 40.Rf1 Rg8 41.Rxf7 axb4 42.Nxb5 Rxa2 43.Nxc7 Kh6
44.Kc1 b3 45.Nb5 Rc2+ 46.Kb1 Ne5 47.Rf6+ Kh7 48.Rh3+ Kg7 49.Rf1 Rxg2 50.Nxd6 Ra8
51.Rxb3  1-0

[Event "Doha op"]
[Site "Doha"]
[Date "1992.??.??"]
[Round "1"]
[White "Guseinov, Aidyn"]
[Black "Husari, Sate"]
[Result "1-0"]
[WhiteElo "2385"]
[BlackElo "2205"]

1.d4 Nf6 2.c4 g6 3.Nc3 Bg7 4.e4 O-O 5.Nf3 d6 6.Be2 e5 7.O-O Nc6 8.d5 Ne7
9.Nd2 c6 10.b4 a5 11.bxa5 Qxa5 12.Bb2 Ne8 13.Nb3 Qd8 14.a4 cxd5 15.cxd5 f5
16.Nd2 Bd7 17.Nc4 Nc8 18.a5 Nf6 19.Qb3 Rb8 20.Ba3 Be8 21.exf5 gxf5 22.Qb4 e4
23.Nxd6 Nxd6 24.Qxd6 Nd7 25.Qb4 Bg6 26.Rac1 Re8 27.Bb5 f4 28.Qa4 Bf5 29.Rfe1 f3
30.Nxe4 fxg2 31.Nd6 Rxe1+ 32.Rxe1 Ne5 33.Rxe5 Bxe5 34.Nxf5 Qf6 35.Bd7 Kh8
36.Be6 Rd8 37.Qg4 Bb8 38.Nh6 Qa1+ 39.Kxg2  1-0

[Event "Doha op"]
[Site "Doha"]
[Date "1992.??.??"]
[Round "2"]
[White "Rahman, Ziaur"]
[Black "Al Khateeb, Ahmed"]
[Result "1-0"]
[WhiteElo "2380"]
[BlackElo "2250"]

1.c4 Nf6 2.Nc3 g6 3.d4 Bg7 4.e4 d6 5.Nf3 O-O 6.Be2 e5 7.O-O Nc6 8.d5 Ne7
9.b4 Nh5 10.g3 f5 11.Ng5 Nf6 12.f3 c6 13.Be3 f4 14.Bf2 Ne8 15.Qb3 Nf5 16.exf5 Qxg5
17.fxg6 Qxg6 18.Rad1 Bf5 19.dxc6 bxc6 20.b5 Bc2 21.Qa3 fxg3 22.hxg3 Bxd1
23.Rxd1 c5 24.Ne4 Rf7 25.Kg2 Bf8 26.Bd3 Qg7 27.Bc2 Rb8 28.Qc1 Be7 29.Be3 Qf8
30.Bh6 Ng7 31.Rh1 d5 32.cxd5 Rxb5 33.d6 Bd8 34.Nc3 Rb4 35.Bxh7+ Kh8 36.Ne4 Rxe4
37.Bxg7+ Kxg7 38.Qh6+ Kh8 39.Bxe4+ Qxh6 40.Rxh6+ Kg7 41.Rg6+ Kh8 42.Re6 Kg7
43.Rxe5 Bb6 44.Bd3 Kf6 45.Rd5 Ke6 46.Bc4 Rd7 47.Rxc5+ Kxd6 48.Rd5+ Ke7 49.Rxd7+ Kxd7
50.f4 Ke7 51.Kf3 Kf6 52.g4 Kg6 53.Bb5 a5 54.Be8+ Kf6 55.g5+ Ke7 56.Ba4 Bd4
57.Ke4 Bc3 58.f5 Kf7 59.Kf4 Bd2+ 60.Kg4 Bc1 61.Bb3+ Kg7 62.f6+ Kg6 63.Bc2+ Kf7
64.Kf5  1-0

[Event "Doha op"]
[Site "Doha"]
[Date "1992.??.??"]
[Round "7"]
[White "Rahman, T."]
[Black "Al Khateeb, Ahmed"]
[Result "0-1"]
[WhiteElo "2265"]
[BlackElo "2250"]

1.d4 Nf6 2.Nf3 g6 3.c4 Bg7 4.Nc3 O-O 5.e4 d6 6.Be2 e5 7.O-O Nc6 8.d5 Ne7
9.Nd2 Ne8 10.b4 f5 11.f3 Bh6 12.Qc2 Be3+ 13.Kh1 f4 14.Rb1 g5 15.Nd1 Bxd2
16.Bxd2 Nf6 17.c5 g4 18.cxd6 cxd6 19.Rc1 g3 20.h3 Ne8 21.Qa4 Ng6 22.Rxc8 Rxc8
23.Nc3 Qb6 24.Qb5 Qd4 25.Qd3 Rf7 26.Nb5 Qxd3 27.Bxd3 a6 28.Nc3 Rfc7 29.Ne2 Rc2
30.Bxc2 Rxc2 31.Rd1 Rxa2 32.Nc3 Rb2 33.Na4 Rc2 34.Be1 Nc7  0-1

[Event "Doha op"]
[Site "Doha"]
[Date "1992.??.??"]
[Round "10"]
[White "Husari, Sate"]
[Black "Thipsay, Praveen Mahadeo"]
[Result "1-0"]
[WhiteElo "2205"]
[BlackElo "2475"]

1.d4 Nf6 2.c4 g6 3.Nc3 Bg7 4.e4 d6 5.Be2 O-O 6.Nf3 e5 7.O-O Nc6 8.d5 Ne7
9.b4 Nh5 10.Qb3 Nf4 11.Bxf4 exf4 12.Rad1 h6 13.c5 g5 14.e5 dxe5 15.d6 Nf5
16.h3 cxd6 17.Ne4 Nd4 18.Nxd4 exd4 19.Nxd6 Be6 20.Bc4 Bxc4 21.Qxc4 Qd7 22.Rfe1 b6
23.Nb5 bxc5 24.bxc5 Rad8 25.Nd6 Bf6 26.Qd3 Qc7 27.Rc1 Qc6 28.Nf5 Rd5 29.Nxh6+ Kh8
30.Nxf7+ Rxf7 31.Qg6 Rf8 32.Re7 Bxe7 33.Qxc6 Rfd8 34.Qh6+ Kg8 35.Re1 Bxc5
36.Re6 R5d7 37.Qxg5+  1-0